00638nam a2200193 a 4500008004100000020001500041050002300056100001700079245010300096260004000199300002100239350000900260490004500269650002900314650002100343650004200364700002000406700001800426071022s1998 ||||||||||||||||| || u a0821341626 aIBRD(06)RSS/1998/1 aGlewwe, Paul10aHousehold welfare and vietnam's transitioncEdited by Dollar David, Paul Glewwe and Jennie Litvack aWashington, D. C.bWorld Bankc1998 axvii, 300p.:ill. a0.00 aWorld Bank Regional and Sectoral Studies aVIETNAM--ECONOMIC POLICY aPOVERTY--VIETNAM 0aHOUSEHOLDS--ECONOMIC ASPECTS--VIETNAM aLitvack, Jennie aDollar, David